The Arrow-Lind theorem in a continuum economy (Registro nro. 27935)

Detalles MARC
000 -LEADER
fixed length control field 00335 a2200109 4500
001 - CONTROL NUMBER
control field ART_17615
005 - DATE AND TIME OF LATEST TRANSACTION
control field 20260410161924.0
008 - FIXED-LENGTH DATA ELEMENTS--GENERAL INFORMATION
fixed length control field 260409a
100 1# - MAIN ENTRY--PERSONAL NAME
Personal name Gardner, Roy
245 10 - TITLE STATEMENT
Title The Arrow-Lind theorem in a continuum economy
773 0# - HOST ITEM ENTRY
Title The American Economic Review
Related parts - Vol. 69, Nº 3 (jun. 1979)
Record control number REV16190

No hay ítems disponibles.